Toofan Ke Aahat (Record no. 187894)

000 -LEADER
fixed length control field 00301 a2200145 4500
003 - CONTROL NUMBER IDENTIFIER
control field Nust
005 - DATE AND TIME OF LATEST TRANSACTION
control field 20170207153529.0
040 ## - CATALOGING SOURCE
Transcribing agency Nust
082 ## - DEWEY DECIMAL CLASSIFICATION NUMBER
Classification number 891.4393
100 ## - MAIN ENTRY--PERSONAL NAME
Personal name Karim,Mustafa
245 ## - TITLE STATEMENT
Title Toofan Ke Aahat
Statement of responsibility, etc. Mustafa Karim
260 ## - PUBLICATION, DISTRIBUTION, ETC.
Place of publication, distribution, etc. Lahore
Name of publisher, distributor, etc. Schehrzad
300 ## - PHYSICAL DESCRIPTION
Extent 444:p
650 ## - SUBJECT ADDED ENTRY--TOPICAL TERM
Topical term or geographic name entry element urdu Adab
942 ## - ADDED ENTRY ELEMENTS (KOHA)
Koha item type bound volumes
Holdings
Withdrawn status Lost status Source of classification or shelving scheme Damaged status Not for loan Collection code Permanent Location Current Location Date acquired Total Checkouts Full call number Barcode Date last seen Price effective from Koha item type
            Military College of Signals (MCS) Military College of Signals (MCS) 12/12/2016   891.4393 MUS MCS31940 12/08/2016 12/12/2016 Book
© 2023 Central Library, National University of Sciences and Technology. All Rights Reserved.